<?xml version="1.0" encoding="UTF-8"?>
<record
    xmlns:xsi="http://www.w3.org/2001/XMLSchema-instance"
    xsi:schemaLocation="http://www.loc.gov/MARC21/slim http://www.loc.gov/standards/marcxml/schema/MARC21slim.xsd"
    xmlns="http://www.loc.gov/MARC21/slim">

  <leader>00636    a2200217   4500</leader>
  <controlfield tag="001">TB12356</controlfield>
  <controlfield tag="003">IN-BhIIT</controlfield>
  <controlfield tag="005">20250402154358.0</controlfield>
  <controlfield tag="008">250402b        |||||||| |||| 00| 0 eng d</controlfield>
  <datafield tag="020" ind1=" " ind2=" ">
    <subfield code="a">9788195099306 (pbk.)</subfield>
  </datafield>
  <datafield tag="040" ind1=" " ind2=" ">
    <subfield code="a">IN-BhIIT</subfield>
  </datafield>
  <datafield tag="041" ind1=" " ind2=" ">
    <subfield code="a">eng</subfield>
  </datafield>
  <datafield tag="082" ind1=" " ind2=" ">
    <subfield code="a">624.151</subfield>
    <subfield code="b">BAN/P</subfield>
  </datafield>
  <datafield tag="100" ind1=" " ind2=" ">
    <subfield code="a">Bangar, K.M</subfield>
    <subfield code="e">Author</subfield>
    <subfield code="9">25939</subfield>
  </datafield>
  <datafield tag="245" ind1=" " ind2=" ">
    <subfield code="a">Principals of engineering geology /</subfield>
    <subfield code="c">by K.M. Bangar </subfield>
  </datafield>
  <datafield tag="260" ind1=" " ind2=" ">
    <subfield code="a">Delhi :</subfield>
    <subfield code="b">Standard Publishers Distributors,</subfield>
    <subfield code="c">2024.</subfield>
  </datafield>
  <datafield tag="300" ind1=" " ind2=" ">
    <subfield code="a">xi, 451 p. :</subfield>
    <subfield code="b">ill. ;</subfield>
    <subfield code="c">24 cm.</subfield>
  </datafield>
  <datafield tag="504" ind1=" " ind2=" ">
    <subfield code="a">Includes bibliographical references and index</subfield>
  </datafield>
  <datafield tag="650" ind1=" " ind2=" ">
    <subfield code="a">Geotechnical Engineering</subfield>
  </datafield>
  <datafield tag="942" ind1=" " ind2=" ">
    <subfield code="c">TB</subfield>
  </datafield>
  <datafield tag="999" ind1=" " ind2=" ">
    <subfield code="c">14845</subfield>
    <subfield code="d">14845</subfield>
  </datafield>
  <datafield tag="952" ind1=" " ind2=" ">
    <subfield code="0">0</subfield>
    <subfield code="1">0</subfield>
    <subfield code="2">ddc</subfield>
    <subfield code="4">0</subfield>
    <subfield code="7">0</subfield>
    <subfield code="8">SEOCS</subfield>
    <subfield code="a">CLIITBBS</subfield>
    <subfield code="b">CLIITBBS</subfield>
    <subfield code="d">2025-02-20</subfield>
    <subfield code="e">46</subfield>
    <subfield code="g">206.25</subfield>
    <subfield code="l">0</subfield>
    <subfield code="p">TB12358</subfield>
    <subfield code="r">2025-02-20 00:00:00</subfield>
    <subfield code="v">275.00</subfield>
    <subfield code="w">2025-02-20</subfield>
    <subfield code="y">TB</subfield>
  </datafield>
  <datafield tag="952" ind1=" " ind2=" ">
    <subfield code="0">0</subfield>
    <subfield code="1">0</subfield>
    <subfield code="2">ddc</subfield>
    <subfield code="4">0</subfield>
    <subfield code="7">0</subfield>
    <subfield code="8">SEOCS</subfield>
    <subfield code="a">CLIITBBS</subfield>
    <subfield code="b">CLIITBBS</subfield>
    <subfield code="d">2025-02-20</subfield>
    <subfield code="e">46</subfield>
    <subfield code="g">206.25</subfield>
    <subfield code="l">0</subfield>
    <subfield code="p">TB12360</subfield>
    <subfield code="r">2025-02-20 00:00:00</subfield>
    <subfield code="v">275.00</subfield>
    <subfield code="w">2025-02-20</subfield>
    <subfield code="y">TB</subfield>
  </datafield>
  <datafield tag="952" ind1=" " ind2=" ">
    <subfield code="0">0</subfield>
    <subfield code="1">0</subfield>
    <subfield code="2">ddc</subfield>
    <subfield code="4">0</subfield>
    <subfield code="7">0</subfield>
    <subfield code="8">SEOCS</subfield>
    <subfield code="a">CLIITBBS</subfield>
    <subfield code="b">CLIITBBS</subfield>
    <subfield code="d">2025-02-20</subfield>
    <subfield code="e">46</subfield>
    <subfield code="g">206.25</subfield>
    <subfield code="l">0</subfield>
    <subfield code="o">624.151 BAN/P</subfield>
    <subfield code="p">TB12356</subfield>
    <subfield code="r">2025-02-20 00:00:00</subfield>
    <subfield code="v">275.00</subfield>
    <subfield code="w">2025-02-20</subfield>
    <subfield code="y">RES</subfield>
  </datafield>
  <datafield tag="952" ind1=" " ind2=" ">
    <subfield code="0">0</subfield>
    <subfield code="1">0</subfield>
    <subfield code="2">ddc</subfield>
    <subfield code="4">0</subfield>
    <subfield code="7">0</subfield>
    <subfield code="8">SEOCS</subfield>
    <subfield code="a">CLIITBBS</subfield>
    <subfield code="b">CLIITBBS</subfield>
    <subfield code="d">2025-02-20</subfield>
    <subfield code="e">46</subfield>
    <subfield code="g">206.25</subfield>
    <subfield code="l">0</subfield>
    <subfield code="p">TB12357</subfield>
    <subfield code="r">2025-02-20 00:00:00</subfield>
    <subfield code="v">275.00</subfield>
    <subfield code="w">2025-02-20</subfield>
    <subfield code="y">TB</subfield>
  </datafield>
  <datafield tag="952" ind1=" " ind2=" ">
    <subfield code="0">0</subfield>
    <subfield code="1">0</subfield>
    <subfield code="2">ddc</subfield>
    <subfield code="4">0</subfield>
    <subfield code="7">0</subfield>
    <subfield code="8">SEOCS</subfield>
    <subfield code="a">CLIITBBS</subfield>
    <subfield code="b">CLIITBBS</subfield>
    <subfield code="d">2025-02-20</subfield>
    <subfield code="e">46</subfield>
    <subfield code="g">206.25</subfield>
    <subfield code="l">0</subfield>
    <subfield code="p">TB12359</subfield>
    <subfield code="r">2025-02-20 00:00:00</subfield>
    <subfield code="v">275.00</subfield>
    <subfield code="w">2025-02-20</subfield>
    <subfield code="y">TB</subfield>
  </datafield>
  <datafield tag="952" ind1=" " ind2=" ">
    <subfield code="0">0</subfield>
    <subfield code="1">0</subfield>
    <subfield code="2">ddc</subfield>
    <subfield code="4">0</subfield>
    <subfield code="7">0</subfield>
    <subfield code="8">SEOCS</subfield>
    <subfield code="a">CLIITBBS</subfield>
    <subfield code="b">CLIITBBS</subfield>
    <subfield code="d">2025-02-20</subfield>
    <subfield code="e">46</subfield>
    <subfield code="g">206.25</subfield>
    <subfield code="l">0</subfield>
    <subfield code="p">TB12361</subfield>
    <subfield code="r">2025-02-20 00:00:00</subfield>
    <subfield code="v">275.00</subfield>
    <subfield code="w">2025-02-20</subfield>
    <subfield code="y">TB</subfield>
  </datafield>
</record>
